| 000 | 00900nam a22002297a 4500 | ||
|---|---|---|---|
| 999 |
_c16334 _d16334 |
||
| 003 | AR-CdUCM | ||
| 008 | 190503b ||||| |||| 00| 0 spa d | ||
| 020 | _a950-9703-05-2 | ||
| 040 |
_aMUNICIPALIDAD PROVINCIAL DEL CUSCO _cBIBLIOTECA MUNICIPAL DEL CUSCO |
||
| 082 |
_a869.56 / _bS77 |
||
| 100 |
_aSetti, Ricardo A. _935718 |
||
| 245 |
_aDiálogo con Vargas Llosa : _bSobre la vida y la política / |
||
| 260 |
_aBuenos Aires : _bEdit. Intermundo, _c1989. |
||
| 300 |
_a271 paginas ; _c21 cm. |
||
| 440 |
_aEx libris / _930916 |
||
| 505 | _aContenido :Amigos y no amigos (en los libros de la vida) --Los libros:Como fueron hechos --Como es el oficio (y la pasión de escribir) --Asunto personal :la fama,el sexo,la familia, drogas ,dinero y placer ... | ||
| 650 |
_aLiteratos _9754 |
||
| 650 |
_aEntrevistas _913760 |
||
| 650 |
_aPerú _935 |
||
| 942 |
_2ddc _cLIBROS |
||
| 945 |
_arjall _d2019-05-03 |
||